000 00576cam a2200181 4500
001 BIIH004828
008 s1977 mx spa
035 _aBIIH004828
050 0 0 _aJL1298
_b.56 C64 1977
245 1 0 _aPrimer congreso obrero socialista, celebrado en Montul, Estado de Yucatan :
_bbases que se discutieron y aprobaron.
250 _a2a ed.
260 _aMéxico :
_bCEHSMO,
_c1977
300 _a117 p. ;
_c17 cm.
440 0 _aCuadernos Obreros ;
_vno. 11
650 1 0 _aSocialismo en México
650 2 0 _aPartidos Politicos
_zMéxico
942 _2lcc
_cLIB
999 _c69750
_d69750